| 000 | 00567nam a2200169 i 4500 | ||
|---|---|---|---|
| 001 | 69272 | ||
| 003 | ES-MaACL | ||
| 005 | 20230906170500.0 | ||
| 007 | t| | ||
| 008 | 040702s1942 sp ||||1| spa d | ||
| 100 | 1 |
_aGarcía Ardura, Manuel. _954178 |
|
| 245 | 1 | 0 |
_aEjercicios y problemas de álgebra _b: originales en su mayor parte / _cpor Manuel García Ardura. |
| 250 | _a6ª ed. considerablemente aum. | ||
| 260 |
_aMadrid : _b[s.n., _c1942] ( _fSobrinos Sucesores de Minuesa de los Ríos) |
||
| 300 |
_a338 p. ; _c23 cm. |
||
| 852 |
_aES-MaACL _jF-15907 _bR.20693 |
||
| 999 |
_c69272 _d69272 |
||